000 00613nam a22002055i 4500
001 48818
003 ES-MaACL
005 20250809063456.0
007 t|
008 950906s1846 gw ||||1| eng d
040 _aCAM
_bspa
_cCAM
100 1 _aDisraeli, Benjamin,
_d1804-1881
_944878
245 1 0 _aAlroy
_b: a romance /
_cby B. Disraeli.
260 _aLeipzig :
_bBernhard Tauchnitz,
_c1846.
300 _a286 p. ;
_c16 cm.
490 1 _aCollection of British authors ;
_v101
830 0 _aCollection of British authors ;
_v101
_9180703
852 _aES-MaACL
_jG-12426
999 _c48818
_d48818